Physics : A general introduction

Bibliographic Details
Main Author: Heuvelen, Alan Van
Format: Book
Published: Boston : Little Brown and Co. , 1982
Subjects:

MARC

LEADER 00000cam a2200000 7i4500
001 0000000459
002 000000541
005 20000330.0
020 |a 0316897108 
090 0 0 |a 530   |b HEU 
100 1 |a Heuvelen, Alan Van 
245 1 0 |a Physics :   |b A general introduction   |c Alan Van Heuvelen 
260 |a Boston :   |b Little Brown and Co. ,   |c 1982 
300 |a 747p. :   |b ill ;   |c 26cm. 
650 0 0 |a Physics 
999 |a 0001101   |b BUKU   |c PINJAMAN   |e PERPUSTAKAAN KOMUNITI PETALING JAYA 
999 |a 0001102   |b BUKU   |c RUJUKAN   |e PERPUSTAKAAN KOMUNITI PETALING JAYA